000 02856nam a2200337 a 4500
001 ASIN081572408X
005 20170105102928.0
008 131216s2013 xxu eng d
020 _a081572408X (hardcover)
_c$27.95
020 4 4 _a 97893502999(hardcover)
040 _a0
050 0 4 _aDS341.3.U6
082 0 4 _a327.73054
_bRIE 2013
100 1 _aRiedel, Bruce O.
245 1 0 _aAvoiding armageddon :
_bamerica, india, and pakistan to the brink and back /
_cBruce O. Riedel.
250 _a1st ed.
260 _a[S.l.] :
_bHarperCollins Publishers India,
_c2013.
300 _a230 p. ;
_c22 cm.
490 1 _aBrookings focus book.
520 _aIndia and Pakistan will be among the most important countries in the twenty-first century. Born from the British Raj, they share a common heritage, but they are different in many important ways. India is already the world's largest democracy and will soon become the planet's most populous nation. Pakistan, soon to be the fifth largest in population, has a troubled history of military coups, dictators, and harboring terrorists, including Osama bin Laden. In Avoiding Armageddon , Bruce Riedel clearly explains the challenge and the importance of managing America's affairs with these two emerging powers and their toxic relationship. Both longtime rivals are nuclear powers, with tested weapons. They have fought four wars with each other and have gone to the brink several other times. Meanwhile, U.S. presidents since Franklin Roosevelt have been increasingly involved in the region's affairs. In the past two decades alone, the White House has intervened to keep the subcontinent from going to nuclear war on several occasions, and of course America is now also fighting its longest war ever in Afghanistan. South Asia is critical to American national security, and the volatile relationship between India and Pakistan is the crucial factor determining whether the region can ever be safe and stable. Based on extensive research and Riedel's role in advising four U.S. presidents on the region, Avoiding Armageddon reviews the history of American diplomacy in South Asia, the crises that have flared in recent years, and the prospects for future crisis. A product of the Brookings India Project, the book provides an in-depth look at the Mumbai terrorist attack in 2008, the worst terrorist outrage since 9/11. Riedel concludes with authoritative analysis on what the future is likely to hold for America and the South Asia.
650 0 _aIndia
650 0 _aInternational relations
650 0 _aNuclear arms control
650 0 _aPakistan
650 0 _aSouth Asia
650 0 _aTerrorism--Prevention
650 0 _aUnited States
830 0 _aBrookings focus book.
856 4 0 _3Amazon.com
_uhttp://www.amazon.com/exec/obidos/ASIN/081572408X/chopaconline-20
942 _2ddc
_cBK
999 _c15948
_d15948